Libro tercero. No. 3.

Guardado en:
Detalles Bibliográficos
Autor principal: [Oviedo y Romero, Aurelio.]
Formato: Libro
Lenguaje:español
Publicado: París-México Librería de Ch. Bouret 1887
Catálogo:MANES:  Resultados de Búsqueda del Catálogo
Clasificación de libros de texto:
Etiquetas: Agregar Etiqueta
Sin Etiquetas, Sea el primero en etiquetar este registro!
Añadido a:2018-10-05
Cambiado en:2019-04-29

MARC

LEADER 00000nam a2200000 4500
005 20190429105159.0
008 181006b xxu||||| |||| 00| 0 spa d
040 |a centro_manes   |c universidad_colima 
100 |9 22550  |a [Oviedo y Romero, Aurelio.] 
245 |a Libro tercero. No. 3.  
260 |a París-México   |b Librería de Ch. Bouret   |c 1887  
300 |a 138 p.   |c 18 cm. 
500 |a Aparece: Francisco Ziga, "Bibliografía Pedagógica. Libros de texto para enseñanza primaria:1850-1970 V. Libros de Lectura" en Boletín del Instituto de Investigaciones Bibliográficas 1981-1982, Biblioteca Nacional, Hemeroteca Nacional, Universidad Nacional Autónoma de México, Nos. 18 - 19,p. 197.  |a Contiene lecciones de moral, cuentos, leyendas, fábulas, poesías, trozos escogidos de lectura, correspondencia epistolar y reglas para ella. Ils.  
691 0 |a PRI 
690 0 |a EyL 
942 |2 ddc  |c BK 
999 |c 52299  |d 52299 
999 |c manes:52299  |d 52299